000
00262nam a22000977a 4500
999
_c
11812
_d
11812
008
200222b ||||| |||| 00| 0 eng d
020
_a
9781439158692
100
_a
Smith Corinne
_9
7491
245
_a
Learning Disabilities A to Z
260
_b
New York
_c
Free Press
_d
2010